Nueva crónica de la transición
Uloženo v:
| Hlavní autor: | |
|---|---|
| Médium: | Kniha |
| Jazyk: | španělština |
| Vydáno: |
Santiago
LOM
2006
|
| Vydání: | 2a. ed |
| Edice: | Colección Ciencias Humanas. Perspectivas Democráticas
|
| Témata: | |
| Tagy: |
Přidat tag
Žádné tagy, Buďte první, kdo vytvoří štítek k tomuto záznamu!
|
MARC
| LEADER | 00000nam a2200000 a 4500 | ||
|---|---|---|---|
| 001 | UCJ9667 | ||
| 003 | CL-VaPUC | ||
| 008 | 070330e20060000CL |||||||||||||||||spa|d | ||
| 020 | |a 9562828379 | ||
| 082 | 0 | 4 | |a 320.983 |b OTA |2 21 |
| 100 | |a Otano Garde, Rafael |e autor |9 519663 | ||
| 245 | 1 | 0 | |a Nueva crónica de la transición |
| 250 | |a 2a. ed | ||
| 300 | |a 531 p | ||
| 942 | |c BK | ||
| 945 | |d 20070330 00:00:00 |a cmena | ||
| 260 | |a Santiago |b LOM |c 2006 | ||
| 650 | 0 | |a Historia política |9 256974 | |
| 650 | 0 | |a Política y gobierno |9 255151 | |
| 650 | 0 | |a Democracia |9 255256 | |
| 650 | 7 | |a FILOSOFIA POLITICA |2 CL-VaPUC |9 519664 | |
| 651 | 7 | |a CHILE |2 CL-VaPUC |9 519665 | |
| 583 | |a last modification |c 20070330 00:00:00 |k Rodrigo Vera | ||
| 490 | 0 | |a Colección Ciencias Humanas. Perspectivas Democráticas | |
| 999 | |c 325086 |d 325084 | ||
| 952 | |0 0 |1 0 |4 0 |6 320_983000000000000_OTA_2006 |7 0 |8 A |9 405661 |a BIBHIS |b BIBHIS |d 2019-11-22 |i 4326636 |o 320.983 OTA 2006 |p 4326636 |r 2025-01-20 |w 2019-11-22 |y BK |k HIS | ||
| 952 | |0 0 |1 0 |4 0 |6 320_983000000000000_OTA_2006 |7 0 |8 A |9 405662 |a BIBHIS |b BIBHIS |d 2019-11-22 |i 435625K |o 320.983 OTA 2006 |p 435625K |r 2025-01-20 |w 2019-11-22 |y BK |k HIS | ||
| 952 | |0 0 |1 0 |4 0 |6 320_983000000000000_OTA_2006 |7 0 |8 A |9 405663 |a BIBCUR |b BIBCUR |d 2019-11-22 |i 4358880 |o 320.983 OTA 2006 |p 4358880 |r 2025-04-22 |w 2019-11-22 |y BK |k PER | ||
| 952 | |0 0 |1 0 |4 0 |6 320_983000000000000_OTA_2006 |7 0 |8 A |9 405664 |a BIBHIS |b BIBHIS |d 2019-11-22 |i 462937K |o 320.983 OTA 2006 |p 462937K |r 2025-01-20 |w 2019-11-22 |y BK |k HIS | ||
| 952 | |0 0 |1 0 |4 0 |6 320_983000000000000_OTA_2006 |7 0 |8 A |9 405665 |a BIBHIS |b BIBHIS |d 2019-11-22 |i 4725409 |o 320.983 OTA 2006 |p 4725409 |r 2025-01-20 |w 2019-11-22 |y BK |k HIS | ||